MyGZULibrary

Sourcebook on environmental law / (Record no. 9153)

MARC details
000 -LEADER
fixed length control field 00733nam a22002295a 4500
001 - CONTROL NUMBER
control field 83733
003 - CONTROL NUMBER IDENTIFIER
control field K 3585 SUN 2001
005 - DATE AND TIME OF LATEST TRANSACTION
control field 20210607104918.0
008 - FIXED-LENGTH DATA ELEMENTS--GENERAL INFORMATION
fixed length control field 950628s1994 enk 000 0 eng
010 ## - LIBRARY OF CONGRESS CONTROL NUMBER
LC control number 95171368
020 ## - INTERNATIONAL STANDARD BOOK NUMBER
International Standard Book Number 1859411096 :
Terms of availability $30.77
040 ## - CATALOGING SOURCE
Original cataloging agency DLC
Transcribing agency DLC
100 1# - MAIN ENTRY--PERSONAL NAME
Personal name Busuttil, James J.
245 10 - TITLE STATEMENT
Title Sourcebook on environmental law /
Statement of responsibility, etc. James J. Busuttil and Geoff Gilbert ; edited by Maurice Sunkin.
260 ## - PUBLICATION, DISTRIBUTION, ETC.
Place of publication, distribution, etc. London :
Name of publisher, distributor, etc. Cavendish Publishing Ltd.,
Date of publication, distribution, etc. 1994.
300 ## - PHYSICAL DESCRIPTION
Extent 650 p.
500 ## - GENERAL NOTE
General note Includes bibliographical references and index
600 ## - SUBJECT ADDED ENTRY--PERSONAL NAME
Source of heading or term Environmental law
906 ## - LOCAL DATA ELEMENT F, LDF (RLIN)
a 0
b ibc
c orignew
d 3
e ncip
f 19
g y-gencatlg
942 ## - ADDED ENTRY ELEMENTS (KOHA)
Source of classification or shelving scheme Library of Congress Classification
Koha item type Books
Edition 2nd
Classification part 3585
Item part SUN
Call number prefix k
Holdings
Withdrawn status Lost status Damaged status Not for loan Collection code Home library Current library Shelving location Date acquired Total Checkouts Total Renewals Full call number Barcode Date last seen Date last checked out Copy number Price effective from Koha item type
        Non-fiction Law Library Law Library General Stacks 06/07/2021 3 1 K 3585 SUN 2001 031095 10/14/2024 10/08/2024 C. 1 06/07/2021 Books